Tabiat berjudi agar cepat kaya
| Main Author: | |
|---|---|
| Format: | Book |
| Published: |
Kuala Lumpur :
Semarak Murni Enterprise ,
2020
|
| Series: | Praktis sivik : hindari tabiat buruk
|
| Subjects: |
MARC
| LEADER | 00000cam a2200000 7i4500 | ||
|---|---|---|---|
| 001 | 0000278348 | ||
| 005 | 20200921103935.0 | ||
| 020 | |a 9789672370154 | ||
| 090 | 0 | 0 | |a 170 |b AMI |
| 100 | 0 | |a Amir Zakaria | |
| 245 | 1 | 0 | |a Tabiat berjudi agar cepat kaya |c Amir Zakaria |
| 260 | |a Kuala Lumpur : |b Semarak Murni Enterprise , |c 2020 | ||
| 300 | |a 40p. ; |c 26cm. | ||
| 490 | 0 | |a Praktis sivik : hindari tabiat buruk | |
| 650 | 0 | |a Civics, Malaysian | |
| 650 | 0 | |a Ethics | |
| 650 | 0 | |a Moral education | |
| 999 | |a 00377374 |b BUKU |c JUNIOR BOOKS |e PERPUSTAKAAN KOMUNITI CAW KOTA DAMANSARA | ||